| 000 | 00786nas a2200253 4500 | ||
|---|---|---|---|
| 001 | BR9508267 | ||
| 003 | BR-BrBNA | ||
| 005 | 20231205095453.0 | ||
| 007 | ta | ||
| 008 | 230509b bl.|||p| |||| 00| 00por d | ||
| 040 |
_aBR-BrBNA _bpor _cBiblioteca Nacional de Agricultura |
||
| 041 | _a(Pt) | ||
| 072 | _aB50; L01 | ||
| 100 | 1 | _aGonzales, J.C. | |
| 100 | 1 | _aDewes, H. | |
| 100 | 1 | _aFreire, N.M. da S. | |
| 245 | 1 |
_aO gado criolo ou chimarrao, 1: origem e difusao _bRevisao |
|
| 650 | _aGado Crioulo | ||
| 650 | _aRaca | ||
| 650 | _aProcedencia | ||
| 773 | 0 |
_tArquivos da Faculdade de Veterinaria da Universidade Federal do Rio de Grande do Sul (Brazil) _xISSN 0101-5230 _g(1994), v. 22 p. 37-43 _wBR9508267 |
|
| 909 |
_a202311 _bLúcia _c55 _dLúcia Elande |
||
| 942 |
_2AGRIS _n0 _cANA |
||
| 999 |
_c150884 _d150884 |
||